Observations on the grass flora of certain Pacific islands. (Record no. 52786)
[ view plain ]
| 000 -LEADER | |
|---|---|
| fixed length control field | 00965cam a22002651 4500 |
| 001 - CONTROL NUMBER | |
| control field | s 48000002 |
| 003 - CONTROL NUMBER IDENTIFIER | |
| control field | DLC |
| 005 - DATE AND TIME OF LATEST TRANSACTION | |
| control field | 20260227111912.0 |
| 008 - FIXED-LENGTH DATA ELEMENTS--GENERAL INFORMATION | |
| fixed length control field | 771006s1948 dcua f001 0 eng c |
| 010 ## - LIBRARY OF CONGRESS CONTROL NUMBER | |
| LC control number | s 48000002 |
| 035 ## - SYSTEM CONTROL NUMBER | |
| System control number | (OCoLC)3322994 |
| 040 ## - CATALOGING SOURCE | |
| Original cataloging agency | Smithsonian Institiution. Library |
| Transcribing agency | MnStpeG |
| Modifying agency | OCoLC |
| -- | DLC |
| 042 ## - AUTHENTICATION CODE | |
| Authentication code | premarc |
| 043 ## - GEOGRAPHIC AREA CODE | |
| Geographic area code | POTT |
| 050 00 - LIBRARY OF CONGRESS CALL NUMBER | |
| Classification number | QK1 |
| Item number | .U5 vol. 30, pt. 2 |
| 082 ## - DEWEY DECIMAL CLASSIFICATION NUMBER | |
| Classification number | 584.9 |
| 100 1# - MAIN ENTRY--PERSONAL NAME | |
| Personal name | Burcham, L. T. |
| Fuller form of name | (Lee T.) |
| 245 00 - TITLE STATEMENT | |
| Title | Observations on the grass flora of certain Pacific islands. |
| 260 ## - PUBLICATION, DISTRIBUTION, ETC. | |
| Place of publication, distribution, etc. | Washington, |
| Name of publisher, distributor, etc. | Govt. print. off., |
| Date of publication, distribution, etc. | 1948. |
| 300 ## - PHYSICAL DESCRIPTION | |
| Extent | iii, 405-447, v-vii p. |
| Other physical details | illus. |
| Dimensions | 24 cm. |
| 490 1# - SERIES STATEMENT | |
| Series statement | Smithsonian institution. United States national museum. Contributions from the United States national herbarium. |
| Volume/sequential designation | v. 30, pt.2 |
| 650 #0 - SUBJECT ADDED ENTRY--TOPICAL TERM | |
| Topical term or geographic name entry element | Grasses. |
| 650 #0 - SUBJECT ADDED ENTRY--TOPICAL TERM | |
| Topical term or geographic name entry element | Botany |
| Geographic subdivision | Melanesia. |
| 810 2# - SERIES ADDED ENTRY--CORPORATE NAME | |
| Corporate name or jurisdiction name as entry element | United States National Museum. |
| Title of a work | Contributions from the United States National Herbarium ; |
| Volume/sequential designation | v. 30, pt.2. |
No items available.